02077nam a2200361 i 450000100060000000300100000600500170001600700030003300800410003602000180007704000350009504100080013004300120013808400060015010000480015624501140020425000450031826400620036330000520042533600270047733700330050433800280053749000260056550001410059152006810073252100630141365000450147665000470152165000410156865000340160965000370164370000350168060788CO-BoRNBP20260318143657.0ta210825r20222016ck a cr 000 p spa d a9789589002032 aCO-BoRNBPbspaerdacCO-BoRNBP0 aspa anwcu--- aP1 aRodríguez, Antonio Orlando,d1956- ,eaut13aEl rock de la momia y otros versos diversos /cAntonio Orlando Rodríguez ; ilustraciones de Daniel Rabanal. aPrimera ediciónbSegunda reimpresión 1aBogotá, Colombia :bEditorial Santillana,c2016,c2022. a59 páginas :bilustraciones a color ;c24 cm. atextobtxt2rdacontent asin mediaciónbn2rdamedia avolumenbnc2rdacarrier0 aNidos para la Lectura aEl material correspondiente a la dotación PNLB 2022, corresponde a la segunda reimpresión de 2022, de la primera edición de 2016.1 aAlgunos niños me han dicho que están en una edad de “cero poemas”. Además, me han confesado que la poesía les parece quieta y alejada de sus vidas. Por eso, cuando descubrí El rock de la momia, grité: “¡Eureka!, esto es lo que necesitan”. Aunque nos cueste creerlo, la poesía sigue más viva que nunca. En las canciones de moda, en los juegos del recreo, en los chistes que inventamos y también cuando no sabemos nombrar lo que nos pasa por dentro, un poema puede hablarnos en un idioma distinto al de la vida real. El escritor cubano Antonio Orlando Rodríguez conoce a la perfección ese idioma secreto... (Tomado de la fuente).1 aRecomendado para un público infantil mayor de 10 años.17aPoesía infantil cubanaySiglo XX2rnbp17aLiteratura infantil cubanaySiglo XX2rnbp17aMúsica rock en la literatura2rnbp17aMomias en la literatura2rnbp17aFantasmas en la literatura2rnbp1 aRabanal, Daniel,d1949- ,eill